000 00717nam a2200241Ia 4500
003 OSt
005 20220918191224.0
006 a|||||r|||| 00| 0
007 ta
008 220917b |||||||| |||| 00| 0 eng d
024 _a62,083
037 _cTextual
040 _aARTS
_cARTS
_beng
041 _2eng
_aeng
082 _aQ6:451, N5
100 _aNicholas Cardinal
_975333
245 0 _aCatholic Concordance, ed by Psaul E Sigmund
260 _aCambridge
_bCUP UK
_c1991
490 _acambridge texts in the history of political thought seruies ed by Raymond Geuss &Quentin skinner
650 _aRELIGION
942 _hQ6:451, N5
_cTEXL
_2CC
999 _c188805
_d188805